| 000 | 01766nam a22002297a 4500 | ||
|---|---|---|---|
| 999 |
_c63060 _d63060 |
||
| 003 | Ge_BSU | ||
| 005 | 20250528132612.0 | ||
| 008 | 250528s2023 ge ||||| |||| 00| 0 geo d | ||
| 020 | _a9789941859342 | ||
| 041 | _ageo | ||
| 080 | _a1(4)(09) რ-25 | ||
| 100 |
_aრასელი, ბერტრან _913977 |
||
| 245 |
_aდასავლური ფილოსოფიის ისტორია : _b[3 წიგნად]. წიგნი 3, (თანამედროვე ფილოსოფია) / _cბერტრან რასელი; მთარგმნელი დიმიტრი უჩანეიშვილი; რედაქტორი გიორგი თავაძე; აღმოსავლეთ ევროპის უნივერსიტეტი, ვარლამ ჩერქეზიშვილის სახ. ინტერდისციპლინური კვლევების ცენტრი. |
||
| 250 | _aმე-2 შესწორებული გამოცემა. | ||
| 264 |
_aთბილისი : _b iBooks, _c2023. |
||
| 300 |
_a427 გვ. ; _b24 სმ. |
||
| 500 | _aსახელთა საძიებელი: გვ. 420-427. | ||
| 700 |
_aუჩანეიშვილი, დიმიტრი _eმთარგმნელი _913895 |
||
| 700 |
_aთავაძე, გიორგი _eრედაქტორი _92230 |
||
| 710 |
_aაღმოსავლეთ ევროპის უნივერსიტეტი _bვარლამ ჩერქეზიშვილის სახ. ინტერდისციპლინური კვლევების ცენტრი. _925151 |
||
| 942 |
_2udc _cᲬᲘᲒᲜᲘ |
||